000 00441 a2200121 4500
001 ART_42867
005 20260410161918.0
008 260409a
245 1 0 _aAvances legislativos provinciales sobre responsabilidad social
100 1 _aBerri, Ana María
700 1 _aPalacios, Clide Lidia
773 0 _tDocumentos de trabajo de contabilidad, auditoría y responsabilidad social
_g- Año 5, Nº 10 (dic. 2015)
_wREV14385
999 _c27478
_d27478